Numbering mother's donut

Bibliographic Details
Main Author: Kumara Velu
Corporate Author: Title
Format: Book
Published: Selangor : Pustaka Emas , 2006
Series:Fun time with notes
Subjects:

MARC

LEADER 00000cam a2200000 7i4500
001 0000006299
005 20220105104020.0
008 070815
020 |a 9839210599(set) 
020 |a 9839210610 
090 0 0 |a JP   |b MTH ENG (4968) 
100 0 |a Kumara Velu 
245 1 0 |a Numbering mother's donut   |c Kumara Velu 
260 |a Selangor :   |b Pustaka Emas ,   |c 2006 
440 |a Fun time with notes 
500 |a Children age 4-6 years old (yellow) 
650 0 |a Arithmetic   |x Juvenile 
650 0 |a Counting   |x Juvenile literature 
710 0 |a Title 
999 |a 0000984591   |b Book   |c Children Collection   |e Cawangan Taman Universiti 
999 |a 0000984592   |b Book   |c Children Collection   |e Perbadanan Perpustakaan Awam Johor 
999 |a 0000984593   |b Book   |c Children Collection   |e Perbadanan Perpustakaan Awam Johor 
999 |a 0000984595   |b Book   |c Children Collection   |e Perbadanan Perpustakaan Awam Johor 
999 |a 0001145721   |b Book   |c Children Collection   |e Cawangan Batu Pahat 
999 |a 0001145727   |b Book   |c Children Collection   |e Cawangan Pontian